Symmetrical Flags on all Sides - Statistics

General Stats
  • This quiz has been taken 24 times
  • The average score is 9 of 14
Answer Stats
Answer % Correct
Japan
93%
Austria
87%
Georgia
80%
Nigeria
80%
Switzerland
80%
Peru
73%
Israel
67%
Latvia
67%
Costa Rica
60%
Jamaica
60%
Thailand
60%
Laos
53%
Botswana
40%
North Macedonia
33%
No matching quizzes found
Score Distribution
Percent of People with Each Score
Percentile by Number Answered
Your Score History
You have not taken this quiz